000 00735cab a2200253 4500
001 WB3302-35
008 090401t1997 xxu||||| |||| 00| 0 eng d
035 _a(Sirsi) u19692
041 _aeng
245 _aInvestors rejected
260 _c1997
350 _a0
490 _aFinancial Times
_v4/5 January 1997, 5(1)
520 _aThe new Tyneside Enterprise Zone is rejecting proposals from investors that will not maximise the number of jobs for locals.
650 _aECONOMIC DEVELOPMENT
650 _aENTERPRISE ZONES
650 _aINWARD INVESTMENT
650 _aJOB CREATION
650 _aTYNE AND WEAR DEVELOPMENT COMPANY
650 _aTYNESIDE
690 _aURBAN RENEWAL
942 _n0
948 _c04/03/1997
999 _c13174
_d13174